| 000 | 00408nam a2200145Ia 4500 | ||
|---|---|---|---|
| 008 | 231129s2010||||xx |||||||||||||| ||spa|| | ||
| 020 | _a978-958-8461-10-6 | ||
| 040 | _bspa | ||
| 082 | _aCo863 L754a | ||
| 100 | _aLinero Montes Guillermo | ||
| 245 | 0 | _aEl arma secreta del navío Leandro | |
| 260 | _c2010 | ||
| 264 | _aIcono; Ministerio de Cultura | ||
| 942 |
_2ddc _cBKS |
||
| 999 |
_c10245 _d10245 |
||